Education at a Glance 2017 OECD Indicators
Guardado en:
| Formato: | Libro |
|---|---|
| Lenguaje: | inglés |
| Publicado: |
Paris
OECD
2017
|
| Materias: | |
| Etiquetas: |
Sin Etiquetas, Sea el primero en etiquetar este registro!
|
MARC
| LEADER | 00000nam a2200000 4500 | ||
|---|---|---|---|
| 001 | 0241138 | ||
| 005 | 20251201101155.1 | ||
| 020 | |a 978-92-64-27976-6 | ||
| 041 | 0 | |a eng | |
| 044 | |a FR | ||
| 245 | 1 | 0 | |a Education at a Glance 2017 |b OECD Indicators |
| 264 | 1 | |a Paris |b OECD |c 2017 | |
| 300 | |a 452 s. | ||
| 610 | 2 | 0 | |a vzdelávanie |
| 610 | 2 | 0 | |a výchova |
| 610 | 2 | 0 | |a školstvo |
| 610 | 2 | 0 | |a kvalita vzdelávania |
| 610 | 2 | 0 | |a úroveň vzdelanostná |
| 610 | 2 | 0 | |a kvalifikácia |
| 610 | 2 | 0 | |a trh práce |
| 610 | 2 | 0 | |a rozvoj trvalo udržateľný |
| 610 | 2 | 0 | |a situácia hospodárska |
| 610 | 2 | 0 | |a situácia sociálna |
| 610 | 2 | 0 | |a študenti |
| 610 | 2 | 0 | |a dospelí |
| 610 | 2 | 0 | |a vzdelávanie sekundárne |
| 610 | 2 | 0 | |a vzdelávanie terciárne |
| 610 | 2 | 0 | |a vzdelávanie vysokoškolské |